Statistics for 10 Most popular Candy Bars in America

Click here to take the quiz!

General Stats

  • This quiz has been taken 75 times
  • The average score is 6 of 10

Answer Stats

NumberCandy% Correct
1Snickers
96%
8Hershey
84%
5Milky Way
84%
4Kit Kat
76%
2Twix
74%
63 Musketeers
60%
9Almond Joy
56%
7Butterfinger
49%
10Baby Ruth
39%
3Reese's Peanut Butter Cups
4%

Score Distribution

Percentile by Number Answered

Percent of People with Each Score

Your Score History

You have not taken this quiz